[Event "Ambes op 3rd"]
[Site "Ambes"]
[Date "2010.04.30"]
[Round "7"]
[White "Lambert, Robert"]
[Black "Teyssier, Jean Paul"]
[Result "1-0"]
[WhiteElo "1811"]
[BlackElo "1724"]
[PlyCount "83"]
[EventDate "2010.04.24"]
[EventType "swiss"]
[EventRounds "9"]
[EventCountry "FRA"]
[SourceTitle "EXT 2011"]
[Source "ChessBase"]
[SourceDate "2010.11.26"]
[SourceVersion "1"]
[SourceVersionDate "2010.11.26"]
[SourceQuality "1"]

1. e4 c5 2. Nf3 d6 3. d4 cxd4 4. Nxd4 Nf6 5. Nc3 g6 6. Be3 Nc6 7. Be2 Ne5 8. f3 Bd7 9. Qd2 Rc8 10. h4 h5 11. 0-0-0 Bg7 12. Rhg1 Nc4 13. Bxc4 Rxc4 14. Nd5 Nxd5 15. exd5 Qb6 16. Nb3 Rxc2+ 17. Qxc2 Qxe3+ 18. Qd2 Bh6 19. Qxe3 Bxe3+ 20. Kb1 Bxg1 21. Rxg1 Bf5+ 22. Kc1 Kd7 23. Nd4 Bd3 24. b3 e5 25. Kd2 Ba6 26. Nc2 b6 27. Ne3 f5 28. g3 Rg8 29. f4 e4 30. Kc3 Rc8+ 31. Kd4 Bd3 32. Re1 Rc5 33. b4 Rb5 34. a3 a5 35. Kc3 Kd8 36. Rd1 Kd7 37. Rd2 Kc7 38. Rxd3 axb4+ 39. axb4 exd3 40. Kc4 Rc5+ 41. bxc5 bxc5 42. Kxd3 1-0

[Event "St Chely d'Aubrac op 9th"]
[Site "St Chely d'Aubrac"]
[Date "2009.07.15"]
[Round "6"]
[White "Muheim, Sebastien"]
[Black "Teyssier, Jean Paul"]
[Result "1-0"]
[WhiteElo "2035"]
[BlackElo "1731"]
[PlyCount "87"]
[EventDate "2009.07.11"]
[EventType "swiss"]
[EventRounds "9"]
[EventCountry "FRA"]
[SourceTitle "EXT 2010"]
[Source "ChessBase"]
[SourceDate "2010.11.25"]
[SourceVersion "1"]
[SourceVersionDate "2010.11.25"]
[SourceQuality "1"]

1. d4 e6 2. c4 Nf6 3. Nc3 Bb4 4. a3 Bxc3+ 5. bxc3 b6 6. f3 Nh5 7. Nh3 f5 8. e3 d6 9. Bd3 0-0 10. 0-0 c5 11. Bd2 Nc6 12. Qc2 e5 13. d5 Ne7 14. Nf2 Nf6 15. h3 h5 16. a4 a5 17. Rab1 Nd7 18. g4 hxg4 19. hxg4 g6 20. Kg2 Rf7 21. Rh1 Nf8 22. Rh2 Rh7 23. Rbh1 Rxh2+ 24. Rxh2 Kf7 25. gxf5 Nxf5 26. Ng4 Nh4+ 27. Kg3 Bxg4 28. fxg4 g5 29. Bf5 Ra7 30. e4 Ke8 31. Qc1 Rg7 32. Qb1 Nd7 33. Qb5 Ke7 34. Bxg5+ Rxg5 35. Rxh4 Nf6 36. Qc6 Kf8 37. Rh1 Rg7 38. Rb1 Nh5+ 39. Kf3 Qg5 40. Qxd6+ Re7 41. gxh5 Qf4+ 42. Ke2 Qh2+ 43. Kd3 Qxh5 44. Rf1 1-0

[Event "St Chely d'Aubrac op 9th"]
[Site "St Chely d'Aubrac"]
[Date "2009.07.14"]
[Round "5"]
[White "Teyssier, Jean Paul"]
[Black "Stepenko, Roman"]
[Result "1-0"]
[WhiteElo "1731"]
[BlackElo "1871"]
[PlyCount "79"]
[EventDate "2009.07.11"]
[EventType "swiss"]
[EventRounds "9"]
[EventCountry "FRA"]
[SourceTitle "EXT 2010"]
[Source "ChessBase"]
[SourceDate "2010.11.25"]
[SourceVersion "1"]
[SourceVersionDate "2010.11.25"]
[SourceQuality "1"]

1. e4 c5 2. Nf3 e6 3. d3 Nc6 4. c3 d5 5. Qe2 dxe4 6. dxe4 Nf6 7. Bf4 Nd7 8. e5 Nb6 9. Nbd2 Nd5 10. Bg5 f6 11. exf6 gxf6 12. Bh4 Qe7 13. 0-0-0 Bh6 14. Ne1 Bd7 15. Qh5+ Qf7 16. Qxh6 Ne5 17. Ne4 Ke7 18. Be2 b5 19. Nxc5 Rhc8 20. Nxd7 Nxd7 21. Bh5 Qg8 22. Nc2 b4 23. Nxb4 Nxb4 24. Rxd7+ Kxd7 25. Rd1+ Nd5 26. Qxf6 Kc7 27. Bg3+ Kb7 28. Bf3 Rc6 29. Qh4 Rac8 30. Be5 Qd8 31. Qxh7+ Ka8 32. h4 Qa5 33. Qb1 a6 34. a3 Ka7 35. Qh7+ Ka8 36. h5 Rb6 37. Qd7 Rbc6 38. Bxd5 exd5 39. Qxd5 Qa4 40. Rd4 1-0

[Event "Creon op 12th"]
[Site "Creon"]
[Date "2007.08.02"]
[Round "5"]
[White "Teyssier, Jean Paul"]
[Black "Darrigues, Alain"]
[Result "0-1"]
[WhiteElo "1724"]
[BlackElo "1991"]
[PlyCount "80"]
[EventDate "2007.07.30"]
[EventType "swiss"]
[EventRounds "9"]
[EventCountry "FRA"]
[SourceTitle "CBM 119 Extra"]
[Source "ChessBase"]
[SourceDate "2007.09.04"]
[SourceVersion "1"]
[SourceVersionDate "2007.09.04"]
[SourceQuality "1"]

1. e4 c5 2. Nf3 Nc6 3. d3 g6 4. c3 Bg7 5. Qe2 e5 6. g3 Nge7 7. a4 0-0 8. Bh3 b6 9. Na3 Bb7 10. 0-0 h6 11. Nh4 d5 12. f4 f6 13. Be6+ Kh7 14. Qg4 dxe4 15. dxe4 Bc8 16. f5 Qe8 17. Nc4 Bxe6 18. fxe6 Rd8 19. Be3 h5 20. Qh3 Rd3 21. Rad1 Qd8 22. Rde1 Qc8 23. g4 Qxe6 24. Nxg6 Nxg6 25. Qxh5+ Kg8 26. Qxg6 Ne7 27. Qh5 Qxc4 28. Rf3 Qxe4 29. g5 f5 30. g6 Qg4+ 31. Qxg4 fxg4 32. Rxf8+ Bxf8 33. Bg5 Nxg6 34. Re4 g3 35. h4 Bg7 36. Rg4 Kh7 37. Rc4 Bh6 38. b4 Bxg5 39. hxg5 Nf4 40. Kf1 Rd1# 0-1